| 000 | 00406nam a2200145Ia 4500 | ||
|---|---|---|---|
| 008 | 231129s2005||||xx |||||||||||||| ||spa|| | ||
| 020 | _a958-8277-00-0 | ||
| 040 | _bspa | ||
| 082 | _aCD 02 FRE-08 | ||
| 100 | _aMurillo Vargas Nestor Alberto | ||
| 245 | 0 | _aLos Textos Ocultos de la Biblia | |
| 260 | _c2005 | ||
| 264 | _aPereira : Editora Nesmur | ||
| 942 |
_2ddc _cBKS |
||
| 999 |
_c20092 _d20092 |
||